| 000 | 00487nam a22001697a 4500 | ||
|---|---|---|---|
| 005 | 20251108175223.0 | ||
| 008 | 250721s9999 xx 000 0 ara d | ||
| 082 | 1 | 4 | _aط/372.21/ثعل |
| 245 | 1 | 0 | _aثعلوب و الهوايات / |
| 264 | 1 |
_aحلب : _bدار ربيع للنشر، |
|
| 650 | 1 | 7 | _aالاطفال |
| 650 | 1 | 7 | _aالتعلم |
| 650 | 1 | 7 | _aالهوايات |
| 653 | _aاطفال ما قبل المدرسة (0-5)سنوات | ||
| 942 |
_2ddc _cBK |
||
| 999 |
_c129005 _d129005 |
||